Constitución política de la República de Guatemala y Código de Etica Profesional

Zapisane w:
Opis bibliograficzny
Korporacja: Guatemala. Constitución
Format: Texto
Wydane: Guatemala: s.e.
Etykiety: Dodaj etykietę
Nie ma etykietki, Dołącz pierwszą etykiete!

MARC

LEADER 00000 a a2200000 04500
001 23590
003
040
090 |a 168500  
110 |a Guatemala. Constitución  
245 |a Constitución política de la República de Guatemala y Código de Etica Profesional  
260 |a Guatemala:   |b s.e.  
300 |a 215 p.  
999 |c 6286  |d 6286